Schaum`s Outlines Intarmediaate Algebra (Record no. 81720)

MARC details
000 -LEADER
fixed length control field 00397pam a2200157 a 4500
020 ## - INTERNATIONAL STANDARD BOOK NUMBER
International Standard Book Number 0-07-060598-X (PAPER) :
Terms of availability
040 ## - CATALOGING SOURCE
Original cataloging agency BHVP_411030
041 ## - LANGUAGE CODE
Language code of text/sound track or separate title eng
082 ## - DEWEY DECIMAL CLASSIFICATION NUMBER
Classification number 512
Item number STE
100 ## - MAIN ENTRY--PERSONAL NAME
Personal name Steege, Ray.
245 ## - TITLE STATEMENT
Title Schaum`s Outlines Intarmediaate Algebra
Medium Textual Documents
260 ## - PUBLICATION, DISTRIBUTION, ETC.
Place of publication, distribution, etc. New Delhi
Name of publisher, distributor, etc. Tata Mcgraw-Hill
Date of publication, distribution, etc. 2005
300 ## - PHYSICAL DESCRIPTION
Extent 381.
700 ## - ADDED ENTRY--PERSONAL NAME
Personal name Bailey, Kerry.
930 ## - EQUIVALENCE OR CROSS-REFERENCE-UNIFORM TITLE HEADING [LOCAL, CANADA]
Uniform title 4803
Holdings
Withdrawn status Lost status Damaged status Not for loan Collection Home library Current library Date acquired Source of acquisition Cost, normal purchase price Total Checkouts Full call number Barcode Date last seen Copy number Price effective from Koha item type
          Yashwantrao Mohite College of Arts, Science And Commerce, Pune Yashwantrao Mohite College of Arts, Science And Commerce, Pune 26/04/2021 Bharati Sahakari Madhyavarti Grahak Bhandar 260.00   512 STE YMP-17706 24/02/2023 1 24/02/2023 Book